00219nam a22000857a 4500082000800000100001800008245004700026260005100073300000900124 aPIE aPiel,Jonathan aScientific American:The Molecules Of Life  aNew York bScientific American Institutec1985 a166p